000 00486nam a22001577a 4500
005 20251108175922.0
008 250721s2023 xx 000 0 ara d
082 1 4 _a340/عبد
100 1 _aعبد الله، فرست أحمد
245 1 0 _aقصة العدل /
264 1 _aFDV,J :
_bمركز البحوث القانونية - مكتبة زين الحقوقية و الأدبية،
_c2023.
300 _a296ص.
650 1 7 _aالقانون
942 _2ddc
_cBK
999 _c145506
_d145506